Word Ladder - From Birth To Death - Statistics

General Stats
  • This quiz has been taken 179 times
  • The average score is 14 of 19
Answer Stats
Hint Answer % Correct
Beginning of life Birth
99%
One of the few native trees to Iceland Birch
90%
A female dog Bitch
90%
End of life Death
88%
Seat usually found in a park Bench
82%
Somewhere to relax on holiday Beach
80%
A sweet fruit Peach
80%
Mr Ledger Heath
76%
Warms up Heats
73%
More than one chair Seats
72%
What Lennon wanted to give a chance Peace
71%
Propel through the air with a movement of the arm Pitch
64%
Set in a particular position Place
63%
Wooden strips running under the mattress Slats
59%
Group together Bunch
58%
Squeeze between two edges or surfaces Pinch
57%
Coat with a thin layer of metal Plate
57%
A roofing material Slate
56%
Perforate with a type of tool Punch
53%
No matching quizzes found
Score Distribution
Percent of People with Each Score
Percentile by Number Answered
Your Score History
You have not taken this quiz